<?xml version="1.0" encoding="UTF-8"?>
<record
    xmlns:xsi="http://www.w3.org/2001/XMLSchema-instance"
    xsi:schemaLocation="http://www.loc.gov/MARC21/slim http://www.loc.gov/standards/marcxml/schema/MARC21slim.xsd"
    xmlns="http://www.loc.gov/MARC21/slim">

  <leader>00689nam a22002057a 4500</leader>
  <controlfield tag="005">20170223154443.0</controlfield>
  <datafield tag="010" ind1=" " ind2=" ">
    <subfield code="a">ENG-117318</subfield>
  </datafield>
  <datafield tag="020" ind1=" " ind2=" ">
    <subfield code="a">9789350297858</subfield>
    <subfield code="c">599.00</subfield>
  </datafield>
  <datafield tag="035" ind1=" " ind2=" ">
    <subfield code="a">EN-100850</subfield>
  </datafield>
  <datafield tag="037" ind1=" " ind2=" ">
    <subfield code="b">DBAD/PUB</subfield>
  </datafield>
  <datafield tag="082" ind1=" " ind2=" ">
    <subfield code="a">327.54</subfield>
  </datafield>
  <datafield tag="100" ind1=" " ind2=" ">
    <subfield code="a">Schaffer,Teresita C,</subfield>
  </datafield>
  <datafield tag="245" ind1=" " ind2=" ">
    <subfield code="a">India at the global high table :</subfield>
    <subfield code="b">the quest for regional primacy and strategic autonomy /</subfield>
    <subfield code="c">by Teresita C. Schaffer [and] Howard B. Schaffer</subfield>
  </datafield>
  <datafield tag="260" ind1=" " ind2=" ">
    <subfield code="a">Noida</subfield>
    <subfield code="b">HarperCollins Publishers</subfield>
    <subfield code="c">2016</subfield>
  </datafield>
  <datafield tag="270" ind1=" " ind2=" ">
    <subfield code="a">A-75,Sector 57,Noida</subfield>
    <subfield code="b">Noida(UP)</subfield>
    <subfield code="e">201301</subfield>
  </datafield>
  <datafield tag="300" ind1=" " ind2=" ">
    <subfield code="a">x,366p.</subfield>
    <subfield code="c">23cm(pbk)</subfield>
  </datafield>
  <datafield tag="500" ind1=" " ind2=" ">
    <subfield code="a">Includes index.</subfield>
  </datafield>
  <datafield tag="700" ind1=" " ind2=" ">
    <subfield code="a"> Schaffer,Howard B.</subfield>
  </datafield>
  <datafield tag="942" ind1=" " ind2=" ">
    <subfield code="2">ddc</subfield>
    <subfield code="c">EN</subfield>
    <subfield code="m">SCH</subfield>
    <subfield code="h">327.54</subfield>
  </datafield>
  <datafield tag="999" ind1=" " ind2=" ">
    <subfield code="c">137814</subfield>
    <subfield code="d">137814</subfield>
  </datafield>
  <datafield tag="952" ind1=" " ind2=" ">
    <subfield code="0">0</subfield>
    <subfield code="1">0</subfield>
    <subfield code="4">0</subfield>
    <subfield code="7">1</subfield>
    <subfield code="8">NFIC</subfield>
    <subfield code="a">DBAD</subfield>
    <subfield code="b">BN</subfield>
    <subfield code="d">2017-02-23</subfield>
    <subfield code="e">DBAD/PUB</subfield>
    <subfield code="g">599.00</subfield>
    <subfield code="l">0</subfield>
    <subfield code="o">327.54 SCH</subfield>
    <subfield code="p">EN-100850</subfield>
    <subfield code="r">2017-02-23 00:00:00</subfield>
    <subfield code="t">1</subfield>
    <subfield code="v">599.00</subfield>
    <subfield code="y">EN</subfield>
  </datafield>
</record>
